• 首页
  • 本馆介绍
  • 公告通知
  • 最新文献
  • 馆藏检索
  • 电子资源
  • 读者导购
  • 参考咨询
  • 我的图书馆
  • 登录
  • 详细信息显示
  • 放入我的书架
  • 预约/预借图书
  • 作者相关作品
  • 分类相关作品
  • 丛书相关作品
  • 出版社相关作品

书目信息

  • 表格格式
  • 工作单格式
  • 卡片格式
题名:
量子纠错码
    
 
作者: 冯克勤 , 陈豪 著
分册:  
出版信息: 北京   科学出版社  2010
页数: 174页
开本: 20cm
丛书名: 数学与现代科学技术丛书;1
单 册:
中图分类: O157.4
科图分类:
主题词: 组合数学 , 代数 , 数论
电子资源:
ISBN: 978-7-03-026383-4
000 00716nam0 2200241 450
001 1734993170
005 20170405094313.18
010    @a978-7-03-026383-4@b精装@d¥38.00
100    @a20170405d km y0chiy0120 ea
101 0  @achi
200 1  @a量子纠错码@Aliang zi jiu cuo ma@f冯克勤,陈豪著@Ffeng ke qin,chen hao zhu
210    @a北京@c科学出版社@d2010
215    @a174页@d20cm
225 2  @a数学与现代科学技术丛书;1
410  0 @12001 @a数学与现代科学技术丛书;1
606 0  @a组合数学
606 0  @a代数
606 0  @a数论
690    @aO157.4@v4
701  0 @a冯克勤@Afeng ke qin@4著
701  0 @a陈豪@Achen hao@4著
801  0 @aCN@b大连网信软件有限公司图书馆·11@c20170405
905    @b6705454@dO157.4@eS372@f1
    
    量子纠错码/冯克勤,陈豪著.-北京:科学出版社,2010
    174页;20cm.-(数学与现代科学技术丛书;1)
    
    
    ISBN 978-7-03-026383-4(精装):¥38.00
    
●
相关链接 在E读中查询图书 在五车中查询图书 在当当中查询图书 在豆瓣中查询图书


正题名:量子纠错码     索取号:O157.4/S372         预约/预借

序号 登录号 条形码 馆藏地/架位号 状态 备注
1 6705454   267054545   密集书库-数信学院/ [索取号:O157.4/S372] 在馆    
唐山师范学院图书馆 欢迎您!
大连网信软件有限公司© 版权所有